000 00598nam a2200205Ia 4500
005 20260429112213.0
008 260429s9999||||xx |||||||||||||| ||und||
020 _a9781259252273
041 _aEnglish
082 _a540
_bSMI
100 _aSmith, Janice Gorzynski
245 0 _aPrinciples of general, organic, and biological chemistry /
_cJanice Gorzynski Smith
250 _a2nd ed.
260 _aNew York :
_bMcGraw-Hill Education,
_c2015.
300 _axxi, I-18 p.; hb
650 _a Biological chemistry
650 _a Organic chemistry
650 _aGeneral chemistry
942 _cTB
999 _c52874
_d52874